01020nam a22001697a 4500040000800000082002600008100005500034245014500089260002600234300002200260942000700282999001700289952013600306952013600442952013600578952013600714 cRUA aRUA CHH 2006 C217 Or. aបណ្ឌិត ចាន់ ណារ៉េត aធនធានមនុស្សសាកលវិទ្យាល័យភូមិន្ទកសិកម្ម ១៩៩៨-២០០៦ aphnom penhbruac2006 aiii.bill.c29cm. cRE c22540d22540 0010406RUA_CHH_2006_000000000000000_C217_OR70996995aLBCbLBCcC217d2024-01-12oRUA CHH 2006 C217 Or.pa074965r2024-01-12yRE 0010406RUA_CHH_2006_000000000000000_C217_OR70996996aLBCbLBCcC217d2024-01-12oRUA CHH 2006 C217 Or.pa074981r2024-01-12yRE 0010406RUA_CHH_2006_000000000000000_C217_OR70996997aLBCbLBCcC217d2024-01-12oRUA CHH 2006 C217 Or.pa074941r2024-01-12yRE 0010406RUA_CHH_2006_000000000000000_C217_OR70996998aLBCbLBCcC217d2024-01-12oRUA CHH 2006 C217 Or.pa074885r2024-01-12yRE